The Needle Drop - Classic Albums - Statistics

General Stats
  • This quiz has been taken 75 times
  • The average score is 35 of 53
Answer Stats
Albums Artists % Correct
The Miseducation of Lauryn Hill Lauryn Hill
100%
Thriller Michael Jackson
98%
In the Court of the Crimson King King Crimson
97%
Purple Rain Prince and the Revolution
97%
Kid A Radiohead
97%
Enter the Wu-Tang Clan: 36 Chambers Wu-Tang Clan
97%
The Rise and Fall of Ziggy Stardust and the Spiders from Mars David Bowie
95%
The Velvet Underground and Nico The Velvet Underground and Nico
94%
Illmatic Nas
92%
In Utero Nirvana
92%
Straight Outta Compton N.W.A.
92%
What's Going On Marvin Gaye
89%
Highway 61 Revisited Bob Dylan
85%
Madvillainy Madvillain
85%
The Black Parade My Chemical Romance
83%
Bitches Brew Miles Davis
82%
Toxicity System of a Down
80%
The Low End Theory A Tribe Called Quest
78%
Discovery Daft Punk
78%
Unknown Pleasures Joy Division
78%
In the Aeroplane Over the Sea Neutral Milk Hotel
78%
ATLiens Outkast
75%
Remain In Light Talking Heads
75%
Hounds of Love Kate Bush
74%
Lift Your Skinny Fists Like Antennas to Heaven Godspeed You! Black Emperor
71%
The Velvet Rope Janet Jackson
71%
Loveless My Bloody Valentine
71%
The Glow Pt. 2 The Microphones
69%
Selected Ambient Works 85-92 Aphex Twin
68%
At Folsom Prison Johnny Cash
68%
Endtroducing... DJ Shadow
63%
Hot Rats Frank Zappa
63%
The Number of the Beast Iron Maiden
62%
Trans-Europe Express Kraftwerk
58%
Horses Patti Smith
58%
Spiderland Slint
58%
Trout Mask Captain Beefheart
55%
Chocolate and Cheese Ween
54%
Close To The Edge Yes
52%
Rain Dogs Tom Waits
49%
Laughing Stock Talk Talk
48%
Repeater Fugazi
42%
Untrue Burial
40%
Jane Doe Converge
37%
Hell Hath No Fury Clipse
35%
Plastic Surgery Disasters Dead Kennedys
32%
Pastel Blues Nina Simone
32%
The Cold Vein Cannibal Ox
29%
Phaedra Tangerine Dream
29%
Give Up The Postal Service
28%
The Woods Sleater-Kinney
26%
In The Nightside Eclipse Emperor
17%
I Talk With The Spirits Roland Kirk
12%
No matching quizzes found
Score Distribution
Percent of People with Each Score
Percentile by Number Answered
Your Score History
You have not taken this quiz